000 00661cam a22002292 4500
001 0000003552
003 OSt
005 20230220102613.0
008 070509s xx 000 0 eng d
020 _a1292021997
040 _aKABU
_cKABU
050 0 _aLB1028.3
_b.I57 2014
245 1 0 _aInstructional technology and media for learning /
_cSharon E. Smaldino ... [et al.]
250 _a10th ed.
260 _aUpper Saddle River, NJ :
_bPearson,
_c2014.
300 _aii, 360 p.
650 0 _aEducational technology.
700 1 _aSmaldino, Sharon E.
908 _a070509
942 _2lcc
_cBK
999 _c19999
_d19998